Zdravotně sociální aspekty života imigrantů v České republice /

Hlavní autor: Vacková, Jitka, 1978-
Korporativní autor: Jihočeská univerzita. Zdravotně sociální fakulta
Jazyk: Čeština
Vydáno: V Praze : Triton, 2012
Vydání: 1. vyd.
Témata:
Fyzický popis: 301 s. : il. ; 24 cm
Language note: Anglické resumé
Knihy
Uloženo v:
LEADER 02188nam a2200613 a 4500
001 nkc20122362656
003 CZ PrNK
005 20120713145127.0
007 ta
008 120427s2012 xr a f 001 0 cze
015 |a cnb002362656 
020 |a 978-80-7387-514-5  |q (brož.) 
035 |a (OCoLC)798994355 
040 |a ABA001  |b cze  |d BOA001 
041 0 |a cze  |b eng 
043 |a e-xr--- 
072 7 |a 614  |x Veřejné zdraví a hygiena  |2 Konspekt  |9 14 
080 |a 314.151.3-054.72  |2 MRF 
080 |a 308  |2 MRF 
080 |a 614.2  |2 MRF 
080 |a 613/614  |2 MRF 
080 |a 304  |2 MRF 
080 |a 364.6  |2 MRF 
080 |a 316.728-021.465  |2 MRF 
080 |a (437.3)  |2 MRF 
080 |a (048.8:082)  |2 MRF 
100 1 |a Vacková, Jitka,  |d 1978-  |7 mzk2008453217  |4 aut 
245 1 0 |a Zdravotně sociální aspekty života imigrantů v České republice /  |c Jitka Vacková a kolektiv 
250 |a 1. vyd. 
260 |a V Praze :  |b Triton,  |c 2012 
300 |a 301 s. :  |b il. ;  |c 24 cm 
500 |a Na obálce pod názvem: Zdravotně sociální fakulta Jihočeské univerzity v Českých Budějovicích 
504 |a Obsahuje bibliografie a rejstřík 
546 |a Anglické resumé 
650 0 7 |a imigranti  |7 ph121036  |z Česko  |2 czenas 
650 0 7 |a imigranti  |7 ph121036  |x sociální poměry  |2 czenas 
650 0 7 |a zdravotní péče  |7 ph127584  |2 czenas 
650 0 7 |a zdraví  |7 ph127590  |x sociální aspekty  |2 czenas 
650 0 7 |a sociální problémy  |7 ph125804  |2 czenas 
650 0 7 |a kvalita života  |7 ph198739  |2 czenas 
650 0 9 |a immigrants  |z Czechia  |2 eczenas 
650 0 9 |a immigrants  |x social conditions  |2 eczenas 
650 0 9 |a medical care  |2 eczenas 
650 0 9 |a health  |x social aspects  |2 eczenas 
650 0 9 |a social problems  |2 eczenas 
650 0 9 |a quality of life  |2 eczenas 
655 7 |a kolektivní monografie  |7 fd501537  |2 czenas 
655 9 |a collective monographs  |2 eczenas 
710 2 |a Jihočeská univerzita.  |b Zdravotně sociální fakulta  |7 kn20010710225 
910 2 |a BOA001  |b 2-1287.584 
990 |a BK 
995 |a 01 
991 |b 201206  |c NOV  |e n 
996 6 |b 2610513873  |c 2-1287.584  |l MZK  |r Sklad / do 1 hodiny  |n 4  |p p.v.  |w 001255342  |u 000010  |a 1  |e BOA001  |j MZK50  |s P